| 000 | 00724nam a22002177a 4500 | ||
|---|---|---|---|
| 999 |
_c12338 _d12338 |
||
| 003 | AR-CdUCM | ||
| 008 | 190408b ||||| |||| 00| 0 spa d | ||
| 040 |
_aMUNICIPALIDAD PROVINCIAL DEL CUSCO _cBIBLIOTECA MUNICIPAL DEL CUSCO |
||
| 082 |
_a344.7 / _bF89 / 1899 |
||
| 100 |
_aFuentes Castro, Paulino _930151 |
||
| 245 |
_aCódigo de justicia militar : _bsancionado por el congreso de 1898 / |
||
| 260 |
_aLima : _bEl diario judicial, _c1899. |
||
| 300 |
_a155, LI páginas ; _c30 cm. |
||
| 505 | _aContenido : t.5 : Código de Justicia Militar | ||
| 650 |
_aMilitar _91881 |
||
| 650 |
_aObligaciones _99376 |
||
| 650 |
_aDerecho _9739 |
||
| 650 |
_aOrdenes _930152 |
||
| 942 |
_2ddc _cLIBROS |
||
| 945 |
_awnts _d2019-04-08 |
||